Statistics for Soccer players #3

Click here to take the quiz!

General Stats

  • This quiz has been taken 49 times
    (20 since last reset)
  • The average score is 43 of 75

Answer Stats

Player Current Club % Correct
Leonardo BonucciJuventus
93%
Leonardo BonucciItaly
93%
Edin DzekoAS Roma
87%
Mauro IcardiInter Milan
80%
Garry CahillChelsea
80%
WillianChelsea
80%
Edin DzekoBosnia
80%
Mauro IcardiArgentina
73%
Klaas-Jan HuntelaarSchalke 04
73%
Garry CahillEngland
73%
Paco AlcacerSpain
73%
Edin DzekoManchester City
73%
Axel WitselBelgium
73%
Leonardo Bonucci4
73%
Marcos RojoManchester United
73%
Klaas-Jan HuntelaarNetherlands
67%
Carlos BaccaAC Milan
67%
Raul MeirelesPortugal
67%
Carlos BaccaColombia
67%
Marcos RojoArgentina
67%
Nicolas GaitanAtletico Madrid
67%
Jérémy ToulalanFrance
67%
WillianBrazil
67%
Graziano PellèSouthampton
67%
Graziano PellèItaly
67%
Axel WitselZenit Saint Petersburg
67%
Yevhen KonoplyankaUkraine
67%
Paco AlcacerFC Barcelona
67%
Leonardo Bonucci1987
67%
Paco AlcacerValencia CF
67%
Jérémy ToulalanMonaco
60%
Graziano Pellè7
60%
Nicolas GaitanArgentina
60%
Nicolas GaitanBenfica
60%
Carlos BaccaSevilla
60%
Garry Cahill3
60%
Carlos Bacca1986
53%
Jérémy Toulalan0
53%
Mauro Icardi1993
53%
Marcos Rojo2
53%
Marcos Rojo1990
53%
Nicolas Gaitan2
53%
Edin Dzeko1986
53%
Paco Alcacer6
53%
Graziano Pellè1985
53%
Paco Alcacer1993
53%
Axel Witsel7
53%
Garry CahillBolton Wanderers
53%
Yevhen Konoplyanka1989
53%
Yevhen KonoplyankaSevilla
53%
Garry Cahill1985
53%
Axel Witsel1989
53%
Willian1988
47%
Mauro Icardi0
47%
Raul MeirelesChelsea
47%
Klaas-Jan Huntelaar1983
47%
Nicolas Gaitan1988
47%
Yevhen KonoplyankaSchalke 04
47%
Yevhen Konoplyanka13
47%
Jérémy Toulalan1983
47%
Carlos Bacca12
47%
Klaas-Jan Huntelaar42
47%
Willian6
47%
Axel WitselBenfica
40%
Jérémy ToulalanBordeaux
40%
Edin Dzeko46
40%
Raul MeirelesFenerbahce
40%
Raul Meireles1983
40%
Raul Meireles10
40%
Klaas-Jan HuntelaarAC Milan
40%
WillianAnzhi Makhachkala
33%
Mauro IcardiSampdoria
33%
Marcos RojoSporting CP
33%
Leonardo BonucciBari
27%
Graziano PellèShandong Luneng
20%

Score Distribution

Percentile by Number Answered

Percent of People with Each Score

Your Score History

You have not taken this quiz since the last reset